New issues facing christians today / (Record no. 872)

MARC details
000 -LEADER
fixed length control field 00652nam a22002172 4500
001 - CONTROL NUMBER
control field 0000012663
005 - DATE AND TIME OF LATEST TRANSACTION
control field 20151021151123.0
008 - FIXED-LENGTH DATA ELEMENTS--GENERAL INFORMATION
fixed length control field 090304s xx 000 0 eng d
020 ## - INTERNATIONAL STANDARD BOOK NUMBER
International Standard Book Number 0511031722 :
040 ## - CATALOGING SOURCE
Original cataloging agency KABU
Transcribing agency KABU
100 1# - MAIN ENTRY--PERSONAL NAME
Personal name Stott, John.
-- 0000149359
245 10 - TITLE STATEMENT
Title New issues facing christians today /
Statement of responsibility, etc. John Stott.
250 ## - EDITION STATEMENT
Edition statement Rev. ed.
260 ## - PUBLICATION, DISTRIBUTION, ETC. (IMPRINT)
Place of publication, distribution, etc. Gand Rapids, MI. :
Name of publisher, distributor, etc. Zondervan,
Date of publication, distribution, etc. 1999.
300 ## - PHYSICAL DESCRIPTION
Extent xvii, 478 p.
650 #0 - SUBJECT ADDED ENTRY--TOPICAL TERM
Topical term or geographic name as entry element Christian sociology.
-- 0000169547
650 #0 - SUBJECT ADDED ENTRY--TOPICAL TERM
Topical term or geographic name as entry element Church and social problems.
-- 0000169548
852 1# - LOCATION
-- p1200 KES
908 ## - PUT COMMAND PARAMETER (RLIN)
Put command parameter 090304
950 ## - LOCAL HOLDINGS (RLIN)
-- 1
Holdings
Withdrawn status Lost status Source of classification or shelving scheme Not for loan Home library Current library Date acquired Total Checkouts Full call number Barcode Date last seen Date last checked out Price effective from Koha item type
    Library of Congress Classification   Kabarak, Main Campus Kabarak, Main Campus 17/12/2015 1 BT738 .S76 1999 c. 4 16899 02/08/2024 16/03/2018 17/12/2015 General Collection
    Library of Congress Classification   Kabarak, Main Campus Kabarak, Main Campus 17/12/2015   BT738 .S76 1999 c. 1 16897 02/08/2024   17/12/2015 General Collection
    Library of Congress Classification   Kabarak, Main Campus Kabarak, Main Campus 17/12/2015 1 BT738 .S76 1999 c. 2 16896 10/10/2017 10/10/2017 17/12/2015 General Collection
    Library of Congress Classification   Kabarak, Main Campus Kabarak, Main Campus 17/12/2015   BT738 .S76 1999 c. 3 16898 02/08/2024   17/12/2015 General Collection
    Library of Congress Classification   Kabarak, Nakuru City Campus Kabarak, Nakuru City Campus 21/10/2015 1 BT738 .S76 1999 c. 1 16948 10/10/2017 23/09/2017 21/10/2015 General Collection
Designed with assistance from East African Informatics Ltd